[Event "IECC CL4-2003.07 email"]
[Site "IECC email"]
[Date "2003.03.14"]
[Round "?"]
[White "Kowalski, Boleslaw"]
[Black "Sevestre, Frederic"]
[Result "1/2-1/2"]
[WhiteElo "1758"]
[BlackElo "1455"]
[PlyCount "52"]
[EventDate "2003.??.??"]
[EventType "tourn (corr)"]
[EventRounds "4"]
[SourceTitle "Corr 2008"]
[Source "ChessBase"]
[SourceDate "2008.06.24"]
[SourceVersion "1"]
[SourceVersionDate "2008.06.24"]
[SourceQuality "1"]

1. e4 e6 2. d4 d5 3. Nc3 Bb4 4. Bd2 Ne7 5. exd5 exd5 6. a3 Bd6 7. Bd3 c6 8. Nf3 0-0 9. 0-0 Bf5 10. Qe2 Nd7 11. Bg5 Bxd3 12. Qxd3 Re8 13. Rfe1 Qc7 14. Bxe7 Rxe7 15. Rxe7 Bxe7 16. Re1 Re8 17. Nd1 Nf6 18. c4 dxc4 19. Qxc4 Qd7 20. Nc3 Bd6 21. Rxe8+ Qxe8 22. d5 Nxd5 23. Nxd5 cxd5 24. Qxd5 Qe7 25. g3 g6 26. Kg2 b6 1/2-1/2

[Event "IECC Swiss email"]
[Site "IECC email"]
[Date "2003.01.18"]
[Round "?"]
[White "Kowalski, Boleslaw"]
[Black "Ralls, Richard Nelson"]
[Result "0-1"]
[WhiteElo "1767"]
[BlackElo "2096"]
[PlyCount "120"]
[EventDate "2003.??.??"]
[EventType "tourn (corr)"]
[EventRounds "6"]
[SourceTitle "Corr 2008"]
[Source "ChessBase"]
[SourceDate "2008.06.24"]
[SourceVersion "1"]
[SourceVersionDate "2008.06.24"]
[SourceQuality "1"]

1. e4 e6 2. d4 d5 3. Nc3 Bb4 4. e5 c5 5. a3 Bxc3+ 6. bxc3 Ne7 7. a4 Nbc6 8. Nf3 Qa5 9. Bd2 Bd7 10. Be2 f6 11. c4 Qc7 12. exf6 gxf6 13. dxc5 dxc4 14. 0-0 Nd8 15. Bxc4 Qxc5 16. Bd3 Bc6 17. Be3 Qh5 18. Nd4 Qxd1 19. Rfxd1 Nd5 20. Bd2 0-0 21. a5 Rf7 22. c4 Nc7 23. Be3 Be8 24. Be2 Nc6 25. Nb3 Na6 26. Rd6 e5 27. Bf3 Kg7 28. Rad1 Rc7 29. Bxc6 Rxc6 30. f4 exf4 31. Rxc6 Bxc6 32. Bxf4 Ba4 33. Rd3 Rc8 34. Nd2 Nc5 35. Rg3+ Kf7 36. Bd6 Ne6 37. a6 b6 38. Rf3 Bc6 39. Rh3 Rd8 40. Bb4 Ng5 41. Re3 Rd7 42. Kf2 h5 43. Bc3 Ne6 44. Rh3 Nf4 45. Rh4 Rd3 46. Rxf4 Rxc3 47. Rh4 Rc2 48. Ke3 Bxg2 49. Rxh5 Kg7 50. Rh4 Bh3 51. Re4 Kf7 52. Rh4 Kg6 53. Rd4 Bc8 54. Rd8 Bxa6 55. Rd7 Bxc4 56. Rxa7 Rc3+ 57. Kd4 Rd3+ 58. Kxc4 Rxd2 59. Ra6 b5+ 60. Kxb5 Rxh2 0-1

[Event "IECC CL4-2002.33"]
[Site "IECC email"]
[Date "2002.12.10"]
[Round "?"]
[White "Kowalski, Boleslaw"]
[Black "Williams, Derek"]
[Result "1-0"]
[WhiteElo "1703"]
[BlackElo "1681"]
[PlyCount "79"]
[EventDate "2002.??.??"]
[EventType "tourn (corr)"]
[EventRounds "4"]
[SourceTitle "Corr 2008"]
[Source "ChessBase"]
[SourceDate "2008.06.24"]
[SourceVersion "1"]
[SourceVersionDate "2008.06.24"]
[SourceQuality "1"]

1. e4 e5 2. Nf3 Nf6 3. Nc3 Nc6 4. Bb5 Nd4 5. Ba4 Nxf3+ 6. Qxf3 c6 7. 0-0 b5 8. Bb3 d6 9. d4 exd4 10. Ne2 Bg4 11. Qd3 Bxe2 12. Qxe2 Qe7 13. a4 bxa4 14. Bxa4 Rc8 15. Bg5 Qd7 16. Rfd1 Be7 17. Rxd4 0-0 18. Be3 Ng4 19. Bf4 Rfd8 20. Rd2 Nf6 21. e5 Ne8 22. Bb3 d5 23. Be3 Rc7 24. c4 Rb7 25. Qd3 Qe6 26. cxd5 Qxe5 27. Bd4 Qc7 28. Bc2 g6 29. dxc6 Qxc6 30. Ba4 Qe6 31. Qf3 Nd6 32. Bc6 Rc7 33. Bd5 Qd7 34. Be5 Qc8 35. Rad1 Rdd7 36. Qf4 Qf8 37. Bb3 g5 38. Qg4 h6 39. h4 Rd8 40. hxg5 1-0

[Event "IECC CL4-2002.28"]
[Site "IECC email"]
[Date "2002.10.16"]
[Round "?"]
[White "Kowalski, Boleslaw"]
[Black "Lyew, Merrill"]
[Result "1/2-1/2"]
[WhiteElo "1671"]
[BlackElo "1604"]
[PlyCount "62"]
[EventDate "2002.??.??"]
[EventType "tourn (corr)"]
[EventRounds "4"]
[SourceTitle "Corr 2008"]
[Source "ChessBase"]
[SourceDate "2008.06.24"]
[SourceVersion "1"]
[SourceVersionDate "2008.06.24"]
[SourceQuality "1"]

1. e4 c5 2. d4 cxd4 3. Nf3 Nc6 4. Nxd4 Nf6 5. Nc3 d6 6. Bb5 Bd7 7. 0-0 g6 8. Nd5 Bg7 9. Nxc6 bxc6 10. Nxf6+ Bxf6 11. Bc4 0-0 12. c3 Qc8 13. Qe2 Rb8 14. Be3 c5 15. Bh6 Rd8 16. Rad1 Be6 17. Rd2 Bxc4 18. Qxc4 Rb6 19. Re1 Qa6 20. Qxa6 Rxa6 21. e5 Bg7 22. Bg5 Rb8 23. exd6 exd6 24. a3 Rab6 25. h3 h6 26. Bf4 Rxb2 27. Rxb2 Rxb2 28. Bxd6 Bxc3 29. Re8+ Kh7 30. Bxc5 a5 31. g4 Rb5 1/2-1/2

[Event "IECC CL4-2002.26"]
[Site "IECC email"]
[Date "2002.09.26"]
[Round "?"]
[White "Kowalski, Boleslaw"]
[Black "Winkel, Bjarne"]
[Result "0-1"]
[WhiteElo "1684"]
[BlackElo "1767"]
[PlyCount "84"]
[EventDate "2002.??.??"]
[EventType "tourn (corr)"]
[EventRounds "4"]
[SourceTitle "Corr 2008"]
[Source "ChessBase"]
[SourceDate "2008.06.24"]
[SourceVersion "1"]
[SourceVersionDate "2008.06.24"]
[SourceQuality "1"]

1. e4 e5 2. Nf3 Nc6 3. Nc3 Nf6 4. d4 exd4 5. Nxd4 Bb4 6. Nxc6 bxc6 7. Bd3 d5 8. exd5 cxd5 9. 0-0 0-0 10. Bg5 c6 11. Qf3 h6 12. Bxf6 Qxf6 13. Qxf6 gxf6 14. Ne2 Rb8 15. Rfb1 Bd6 16. Nd4 c5 17. Nf5 Bxf5 18. Bxf5 Be5 19. c3 d4 20. c4 d3 21. Rd1 Rxb2 22. Rxd3 Bd4 23. Rg3+ Kh8 24. Rf3 Rd2 25. Rf1 Rxa2 26. Rh3 a5 27. Rxh6+ Kg8 28. Bd7 a4 29. Rh3 Ra8 30. Rg3+ Kf8 31. Rh3 Ra7 32. Bf5 a3 33. Rd1 Rb2 34. Rh8+ Kg7 35. Rd8 Bxf2+ 36. Kh1 a2 37. Ra1 Bd4 38. h4 Rf2 39. Rxd4 cxd4 40. Bd3 Ra3 41. Be4 d3 42. Kg1 Rb2 0-1

[Event "IECC CL4-2002.26"]
[Site "IECC email"]
[Date "2002.09.26"]
[Round "?"]
[White "Martin, Dennis"]
[Black "Kowalski, Boleslaw"]
[Result "0-1"]
[WhiteElo "1771"]
[BlackElo "1682"]
[PlyCount "88"]
[EventDate "2002.??.??"]
[EventType "tourn (corr)"]
[EventRounds "4"]
[SourceTitle "Corr 2008"]
[Source "ChessBase"]
[SourceDate "2008.06.24"]
[SourceVersion "1"]
[SourceVersionDate "2008.06.24"]
[SourceQuality "1"]

1. e4 e6 2. d4 d5 3. e5 c5 4. Nf3 Nc6 5. c3 Qb6 6. a3 c4 7. Be2 Nge7 8. 0-0 f6 9. exf6 gxf6 10. Nh4 Bd7 11. Bh5+ Kd8 12. Qf3 Bg7 13. Qg3 Bf8 14. Qf4 Bg7 15. Qg4 Rg8 16. Bf7 e5 17. Qg3 Kc7 18. Bxg8 Rxg8 19. Qe3 exd4 20. cxd4 Qxd4 21. Nf3 Qg4 22. h3 Qg6 23. Qf4+ Ne5 24. Qh2 N7c6 25. Nc3 Be6 26. Nb5+ Kd7 27. Nfd4 a6 28. f4 axb5 29. Nxe6 Kxe6 30. fxe5 fxe5 31. Be3 d4 32. Bd2 e4 33. h4 Be5 34. Bf4 d3 35. Rae1 Bxb2 36. h5 Qg4 37. Rxe4+ Kd5 38. g3 Bd4+ 39. Kh1 Rf8 40. Ree1 Rf5 41. Qg2+ Kc5 42. Bd6+ Kxd6 43. Rxf5 Qxf5 44. g4 Qd5 0-1

[Event "IECC Swiss email"]
[Site "IECC email"]
[Date "2002.08.25"]
[Round "?"]
[White "Bladyko, Pawel"]
[Black "Kowalski, Boleslaw"]
[Result "0-1"]
[WhiteElo "1733"]
[BlackElo "1683"]
[PlyCount "44"]
[EventDate "2002.??.??"]
[EventType "tourn (corr)"]
[EventRounds "6"]
[SourceTitle "Corr 2008"]
[Source "ChessBase"]
[SourceDate "2008.06.24"]
[SourceVersion "1"]
[SourceVersionDate "2008.06.24"]
[SourceQuality "1"]

1. e4 e6 2. d4 d5 3. e5 c5 4. Nf3 Qb6 5. c3 Nc6 6. dxc5 Bxc5 7. Qe2 f6 8. b4 Be7 9. Be3 Qd8 10. Bf4 fxe5 11. Nxe5 Nf6 12. Qb5 a5 13. Nxc6 bxc6 14. Qxc6+ Bd7 15. Qb7 axb4 16. cxb4 0-0 17. Nd2 Ne4 18. Bc7 Bxb4 19. Qxb4 Qf6 20. Bd3 Qxa1+ 21. Qb1 Qc3 22. Bxe4 dxe4 0-1

[Event "IECC CL5-2002.16"]
[Site "IECC email"]
[Date "2002.08.07"]
[Round "?"]
[White "Kowalski, Boleslaw"]
[Black "Parwicz, Witold"]
[Result "1-0"]
[WhiteElo "1675"]
[BlackElo "1614"]
[PlyCount "125"]
[EventDate "2002.??.??"]
[EventType "tourn (corr)"]
[EventRounds "4"]
[SourceTitle "Corr 2008"]
[Source "ChessBase"]
[SourceDate "2008.06.24"]
[SourceVersion "1"]
[SourceVersionDate "2008.06.24"]
[SourceQuality "1"]

1. d4 d5 2. c4 c6 3. Nf3 Nf6 4. Nc3 dxc4 5. a4 Bf5 6. e3 e6 7. Bxc4 Bb4 8. 0-0 Nbd7 9. h3 0-0 10. Nh4 Nb6 11. Be2 Bxc3 12. Nxf5 Bxb2 13. Nh6+ gxh6 14. Bxb2 Qc7 15. Qc2 Nbd5 16. Ba3 Rfe8 17. Bf3 Rad8 18. a5 e5 19. dxe5 Rxe5 20. Bb2 Re6 21. Rfd1 Qe7 22. Ra4 Rd7 23. Rh4 Ne8 24. Rg4+ Rg6 25. a6 bxa6 26. Qxc6 Rxg4 27. Bxg4 Rd6 28. Qc8 Nb6 29. Qc3 f6 30. Rc1 Qf7 31. e4 Rd8 32. Qg3 Kh8 33. Qa3 Nd6 34. Rc7 Qxc7 35. Bxf6+ Kg8 36. Be6+ Nf7 37. e5 Rd3 38. Qxd3 Qc1+ 39. Kh2 Qf4+ 40. Qg3+ Qxg3+ 41. Kxg3 Kf8 42. f4 a5 43. Kf3 a4 44. Bh4 Ke8 45. Ba2 Nd8 46. Bf2 Nc6 47. Bc5 Nd7 48. Bd6 Nd4+ 49. Ke4 Nb5 50. Bb4 a5 51. Bxa5 Nc5+ 52. Kd5 Nb3 53. Bb4 Nc7+ 54. Kc4 Ne6 55. f5 Ned4 56. g4 Nc6 57. Bd6 h5 58. Kd5 hxg4 59. hxg4 Nd8 60. e6 Nb7 61. Ba3 Nd2 62. g5 Nd8 63. g6 1-0

[Event "IECC CL5-2002.15"]
[Site "IECC email"]
[Date "2002.07.29"]
[Round "?"]
[White "Kowalski, Boleslaw"]
[Black "Soldini, Paolo"]
[Result "0-1"]
[WhiteElo "1676"]
[BlackElo "1600"]
[PlyCount "84"]
[EventDate "2002.??.??"]
[EventType "tourn (corr)"]
[EventRounds "4"]
[SourceTitle "Corr 2008"]
[Source "ChessBase"]
[SourceDate "2008.06.24"]
[SourceVersion "1"]
[SourceVersionDate "2008.06.24"]
[SourceQuality "1"]

1. e4 e5 2. Nf3 Nf6 3. Nc3 Nc6 4. d4 exd4 5. Nxd4 Bb4 6. Nxc6 bxc6 7. Bd3 0-0 8. 0-0 d5 9. exd5 cxd5 10. Bg5 Bxc3 11. bxc3 h6 12. Bf4 Be6 13. Rb1 c5 14. Re1 Qa5 15. Be5 Nd7 16. Bd6 Rfd8 17. Qf3 Rac8 18. Qg3 c4 19. Bf1 Qxa2 20. Ra1 Qxc2 21. Rxa7 Ra8 22. Rb7 Bf5 23. Qf3 Nf6 24. Be5 Re8 25. h3 Bd3 26. Qg3 Re6 27. f4 Bxf1 28. Rxf1 Ra2 29. Rb8+ Kh7 30. Bxf6 Rxf6 31. Qf2 Qxf2+ 32. Rxf2 Rxf2 33. Kxf2 Rxf4+ 34. Ke2 Re4+ 35. Kf2 d4 36. cxd4 Rxd4 37. Rc8 f5 38. Ke3 Re4+ 39. Kd2 g5 40. Rc6 f4 41. Kd1 Kg7 42. Rc5 Kg6 0-1

[Event "IECC CL5-2002.15"]
[Site "IECC email"]
[Date "2002.07.29"]
[Round "?"]
[White "Lyew, Merrill"]
[Black "Kowalski, Boleslaw"]
[Result "1-0"]
[WhiteElo "1540"]
[BlackElo "1685"]
[PlyCount "73"]
[EventDate "2002.??.??"]
[EventType "tourn (corr)"]
[EventRounds "4"]
[SourceTitle "Corr 2008"]
[Source "ChessBase"]
[SourceDate "2008.06.24"]
[SourceVersion "1"]
[SourceVersionDate "2008.06.24"]
[SourceQuality "1"]

1. e4 e6 2. d4 d5 3. Nc3 Nf6 4. Bg5 Be7 5. e5 Nfd7 6. Bxe7 Qxe7 7. f4 0-0 8. Nf3 c5 9. Qd2 Nc6 10. g3 cxd4 11. Nxd4 Nxd4 12. Qxd4 b6 13. 0-0-0 Nc5 14. f5 Qg5+ 15. Qf4 Qxf4+ 16. gxf4 Bd7 17. Rg1 Kh8 18. b4 Na4 19. Nxa4 Bxa4 20. Rd4 Rac8 21. Bd3 Be8 22. f6 g6 23. b5 Bd7 24. Kd2 Rfd8 25. h4 Rc5 26. a4 Rdc8 27. h5 Be8 28. hxg6 fxg6 29. f5 gxf5 30. Rg7 h5 31. Rxa7 Kg8 32. Rb7 Bf7 33. Rxb6 Rc3 34. a5 Ra3 35. a6 Ra8 36. Rd6 Be8 37. Rxe6 1-0